Cidades de Pernambuco - Sudden Death - Statistics

Estatísticas Gerais
  • Esse quiz foi jogado 288 vezes
  • A pontuação média é 9 de 16
Answers on the Grid
Answers color-coded by a green-red scale on the quiz's grid according to % correct below.
Petrolina
Igarassu
Sobral
Santa Cruz do Capibaribe
Eunápolis
Parnaíba
São José do Belmonte
Balsas
Garanhuns
Senhor do Bonfim
São José de Ribamar
Caruaru
Cabrobó
Serrita
Picos
Ibimirim
Caicó
Bodocó
Fortaleza
Itabaiana
Ouricuri
Guanambi
Recife
Codó
Cajazeiras
Salgueiro
Arapiraca
Icó
Araripina
Cabo de Santo Agostinho
Crato
Carpina
 
Estatísticas das Respostas
Resposta % Correto
Petrolina
93%
Garanhuns
74%
Igarassu
74%
Santa Cruz do Capibaribe
74%
Caruaru
72%
Recife
72%
Cabo de Santo Agostinho
60%
Cabrobó
55%
Salgueiro
53%
Ouricuri
49%
Araripina
48%
Carpina
47%
Ibimirim
41%
São José do Belmonte
40%
Serrita
39%
Bodocó
37%
Nenhum quiz correspondente encontrado
Distribuição das Pontuações
Porcentagem de Pessoas com Cada Pontuação
Percentil de Números Respondidos
Sua Pontuação Histórica
Você não jogou esse quiz